Capitales de Territorios del Mundo - Estadísticas

Estadísticas generales
  • Esta prueba ha sido intentada 131 veces
  • La puntuación promedio es 27 de 71
Estadísticas de respuestas
Territorio Capital % Correcto
Inglaterra Londres
93%
Gibraltar Gibraltar
83%
Gales Cardiff
80%
Escocia Edimburgo
80%
Irlanda del Norte Belfast
78%
Groenlandia Nuuk
78%
Taiwán Taipéi
78%
Puerto Rico San Juan
75%
Kosovo Pristina
73%
Chipre del Norte Nicosia del Norte
65%
Palestina Ramala
63%
Macao Macao
60%
Guayana Francesa Cayena
53%
Anguila El Valle
53%
Aruba Oranjestad
53%
San Eustaquio Oranjestad
53%
Bermudas Hamilton
50%
Islas Malvinas Stanley o Puerto Argentino
50%
Isla Norfolk Kingston
48%
San Pedro y Miquelón San Pedro
48%
Isla de Man Douglas
45%
Transnistria Tiráspol
45%
Guadalupe Basse-Terre
43%
Abjasia Sujumi
43%
Hong Kong Victoria
43%
Guam Agaña
38%
Niue Alofi
38%
Isla de Navidad Flying Fish Cove
38%
Islas Caimán George Town
38%
Martinica Fort-de-France
35%
Samoa Americana Pago Pago
35%
Polinesia Francesa Papeete
35%
Curazao Willemstad
35%
Islas Turcas y Caicos Cockburn Town
33%
Guernsey Saint Peter Port
33%
Islas Feroe Tórshavn
33%
Islas Pitcairn Adamstown
30%
Islas Vírgenes de los Estados Unidos Charlotte Amalie
30%
Isla de Pascua Hanga Roa
30%
Mayotte Mamoudzou
30%
Nueva Caledonia Numea
30%
Reunión Saint-Denis
30%
Islas Marianas del Norte Saipán
30%
Islas Cook Avarua
28%
Åland Mariehamn
28%
San Martín (Países Bajos) Philipsburg
28%
Islas Vírgenes Británicas Road Town
28%
Islas Cocos (Keeling) West Island
28%
Akrotiri y Dekelia Episkopí
25%
Santa Elena, Ascensión y Tristán de Acuña Jamestown
25%
Bonaire Kralendijk
25%
San Martín (Francia) Marigot
25%
Wallis y Futuna Mata-Utu
25%
Saba The Bottom
25%
Tokelau Atafu, Fakaofo y Nukunonu
23%
San Bartolomé Gustavia
23%
Somalilandia Hargeisa
23%
Jersey Saint Helier
23%
Juan Fernández San Juan Bautista
23%
Montserrat Brades y Plymouth
20%
Svalbard Longyearbyen
20%
Osetia del Sur Tsjinvali
20%
Ayaria Batumi
18%
Voivodina Novi Sad
18%
Territorio Británico del Océano Índico Camp Thunder Cove
15%
Kurdistán Iraquí Erbil
15%
Islas Chatham Waitangi
15%
Rotuma Ahau
13%
Monte Athos Karyes
13%
Islas Georgias del Sur y Sándwich del Sur Grytviken
10%
Jan Mayen Olonkinbyen
10%
No se encontraron pruebas coincidentes
Distribución de puntuación
Porcentaje de gente con cada puntuación
Porcentaje por número respondido
Historial de tus puntuaciones
No has intentado esta prueba.